Special report - RAMSAK (Record no. 72583)
[ view plain ]
| 000 -LEADER | |
|---|---|
| fixed length control field | 01039cam a2200193 4500 |
| 001 - CONTROL NUMBER | |
| control field | ABS66649 |
| 008 - FIXED-LENGTH DATA ELEMENTS--GENERAL INFORMATION | |
| fixed length control field | 030430n2003 000 0 eng u |
| 035 ## - SYSTEM CONTROL NUMBER | |
| System control number | (Sirsi) u122139 |
| 245 ## - TITLE STATEMENT | |
| Title | Special report - RAMSAK |
| 260 ## - PUBLICATION, DISTRIBUTION, ETC. | |
| Date of publication, distribution, etc. | 2003 |
| 490 ## - SERIES STATEMENT | |
| Series statement | South East Farmer |
| Volume/sequential designation | April 2003, 17-33(9) |
| 520 ## - SUMMARY, ETC. | |
| Summary, etc. | A special report on the Ring of Agricultural Machinery in Sussex and Kent (RAMSAK) which is a not-for-profit agricultural co-operative organisation. Despite the name, the services are not limited to machinery and have expanded to include labour, property management, construction and almost any other requirement that the members may need. Members are not just farmers or farmworkers but include property management companies, builders, service companies and property maintenance companies. Looks at how RAMSAK works and case studies of businesses helped by RAMSAK. |
| 590 ## - LOCAL NOTE (RLIN) | |
| Local note | ABS |
| 650 ## - SUBJECT ADDED ENTRY--TOPICAL TERM | |
| Topical term or geographic name entry element | CO-OPERATIVES |
| 650 ## - SUBJECT ADDED ENTRY--TOPICAL TERM | |
| Topical term or geographic name entry element | RURAL ECONOMY |
| 650 ## - SUBJECT ADDED ENTRY--TOPICAL TERM | |
| Topical term or geographic name entry element | RURAL BUSINESSES |
| 690 ## - LOCAL SUBJECT ADDED ENTRY--TOPICAL TERM (OCLC, RLIN) | |
| Topical term or geographic name as entry element | RURAL-FARM BUSINESS MANAGEMENT |
| 942 ## - ADDED ENTRY ELEMENTS (KOHA) | |
| Suppress in OPAC | 0 |
| Withdrawn status | Lost status | Source of classification or shelving scheme | Damaged status | Not for loan | Home library | Current library | Shelving location | Date acquired | Total Checkouts | Full call number | Barcode | Date last seen | Copy number | Price effective from | Koha item type |
|---|---|---|---|---|---|---|---|---|---|---|---|---|---|---|---|
| Dewey Decimal Classification | London | London | Journal article | 30/04/2003 | ABS66649 | 122139-1001 | 06/08/2019 | 1 | 06/08/2019 | Journal article |